<?xml version="1.0" encoding="UTF-8"?>
<collection xmlns="http://www.loc.gov/MARC21/slim">
 <record>
  <leader>06023nam a2200385 a 4500</leader>
  <controlfield tag="001">kal4755</controlfield>
  <controlfield tag="003">Gr-AtHEAL</controlfield>
  <controlfield tag="005">20160421085222.0</controlfield>
  <controlfield tag="006">m        d        </controlfield>
  <controlfield tag="008">160413s2015    gr      s           gre|c</controlfield>
  <datafield tag="020" ind1=" " ind2=" ">
   <subfield code="a">9789606032028</subfield>
  </datafield>
  <datafield tag="040" ind1=" " ind2=" ">
   <subfield code="a">GR-AtHEAL</subfield>
   <subfield code="b">gre</subfield>
   <subfield code="c">GR-AtHEAL</subfield>
  </datafield>
  <datafield tag="082" ind1="0" ind2="4">
   <subfield code="a">020</subfield>
   <subfield code="2">23</subfield>
  </datafield>
  <datafield tag="100" ind1="1" ind2=" ">
   <subfield code="a">Παπαβλασόπουλος, Σώζων.</subfield>
   <subfield code="8">104</subfield>
  </datafield>
  <datafield tag="245" ind1="1" ind2="0">
   <subfield code="a">Βιβλιομετρία</subfield>
   <subfield code="h">[Ηλεκτρονικός πόρος] </subfield>
   <subfield code="c">Παπαβλασόπουλος, Σώζων ;  Κριτικός αναγνώστης, Πούλος, Μάριος ; Τεχνική επιμέλεια, Αποστόλου, Ευφροσύνη.</subfield>
  </datafield>
  <datafield tag="260" ind1=" " ind2=" ">
   <subfield code="a">Αθήνα :</subfield>
   <subfield code="b">Σύνδεσμος Ελληνικών Ακαδημαϊκών Βιβλιοθηκών,</subfield>
   <subfield code="c">c2015.</subfield>
  </datafield>
  <datafield tag="490" ind1=" " ind2=" ">
   <subfield code="a">Ακαδημαϊκά Ηλεκτρονικά Συγγράμματα και Βοηθήματα Κάλλιπος</subfield>
   <subfield code="8">40</subfield>
  </datafield>
  <datafield tag="520" ind1=" " ind2=" ">
   <subfield code="a">Το βιβλίο αυτό έχει στόχο να παράσχει με ένα απλό τρόπο την παρουσίαση βασικών εννοιών , τεχνικών , θεωρητικών βάσεων και ιστορικών εξελίξεων του υποτομέα της επιστήμης των πληροφοριών που ασχολείται με τις ποσοτικές μεθόδους και την ανάλυση της επιστημονικής βιβλιογραφίας. Ο όρος&quot;Βιβλιομετρία&quot; ή &quot;Bibliometrics&quot; (από τις λέξεις, ‘βίβλος’ και ‘μέτρον’) θα προταθεί για αυτή τη περιοχή και ο όρος αναφορά ως η επιλογή που υπαγορεύεται από καθορισμένους όρους για το είδος των πληροφοριών που θα μετρηθούν. Οι αναφορές αποτελούν ένα κανάλι που συνδέουν τα τεκμήρια και έχουν επωμισθεί, μέσω αναλυτικών εργαλείων, να μας απαντήσουν για τον τρόπο που αυτές συνδέονται μεταξύ τους και τη γνώση που παράγεται, με σκοπό να κατανοηθεί τι μετρούν οι αναφορές και ποιά η διάκριση μεταξύ της ποιότητας και της επίδρασης μιας δημοσίευσης. Στην συνέχεια οι τεχνικές των ποσοτικών μεθόδων θα χρησιμοποιηθούν στην αξιολόγηση της ερευνητικής επίδοσης των τεκμηρίων. Τα εργαλεία επιρροής της έρευνας που δημιουργούνται με την χρήση των αναφορών και των τεκμηρίων , οι βιβλιομετρικοί δείκτες θα ερευνήσουν περιοχές όπως της: παραγωγής και συνεργασίας των δημιουργών, επιστημονικής δραστηριότητας των ερευνητικών ομάδων, ερευνητικού ιδρύματος , χώρας ενδιαφέροντος , προσανατολισμού της έρευνας. Τα προβλήματα της φύσης και των λειτουργιών των αναφορών θα αναλυθούν. Θα μελετηθούν οι πηγές που χρησιμοποιούνται στην έρευνα μέσω των βιβλιομετρικών δεικτών που παράγονται από το Ινστιτούτο Επιστημονικής Πληροφόρησης μέσω των τριών ευρετηρίων του και όλων των μεταγενέστερων. Θα δειχθεί ότι η βιβλιομετρία είναι ένα διεπιστημονικό πεδίο έρευνας που μπορεί να επεκταθεί σε πολλά επιστημονικά πεδία, με τη μεθοδολογία της να περιλαμβάνει συστατικά από τα μαθηματικά, τις κοινωνικές επιστήμες, και όχι μόνο. Θα περιγραφεί η ερευνητική δομή του πεδίου και θα δώθεί λεπτομερής επισκόπηση της μεθοδολογίας της.</subfield>
  </datafield>
  <datafield tag="650" ind1=" " ind2="0">
   <subfield code="a">Bibliometrics</subfield>
   <subfield code="8">1931</subfield>
  </datafield>
  <datafield tag="653" ind1=" " ind2=" ">
   <subfield code="a">Μέθοδοι έρευνας</subfield>
  </datafield>
  <datafield tag="653" ind1=" " ind2=" ">
   <subfield code="a">Βιβλιοθηκονομία</subfield>
  </datafield>
  <datafield tag="653" ind1=" " ind2=" ">
   <subfield code="a">Επιστήμη της πληροφορίας</subfield>
  </datafield>
  <datafield tag="653" ind1=" " ind2=" ">
   <subfield code="a">Ανάλυση περιεχομένου</subfield>
  </datafield>
  <datafield tag="653" ind1=" " ind2=" ">
   <subfield code="a">Ανάλυση βιβλιογραφικών αναφορών</subfield>
  </datafield>
  <datafield tag="653" ind1=" " ind2=" ">
   <subfield code="a">Ποσοτική ανάλυση</subfield>
  </datafield>
  <datafield tag="653" ind1=" " ind2=" ">
   <subfield code="a">Οικονομικές Επιστήμες</subfield>
   <subfield code="a">Διοίκηση επιχειρήσεων και οικονομικά των επιχειρήσεων, μάρκετινγκ, λογιστική</subfield>
   <subfield code="a">Διαχείριση πηγών πληροφόρησης</subfield>
  </datafield>
  <datafield tag="653" ind1=" " ind2=" ">
   <subfield code="a">Οικονομικές Επιστήμες</subfield>
   <subfield code="a">Διοίκηση επιχειρήσεων και οικονομικά των επιχειρήσεων, μάρκετινγκ, λογιστική</subfield>
   <subfield code="a">Βιβλιοθηκονομία και Αρχειονομεία</subfield>
  </datafield>
  <datafield tag="653" ind1=" " ind2=" ">
   <subfield code="a">Μαθηματικά</subfield>
   <subfield code="a">Στατιστική</subfield>
   <subfield code="a">Εφαρμογές σε λοιπές επιστήμες</subfield>
  </datafield>
  <datafield tag="653" ind1=" " ind2=" ">
   <subfield code="a">Οικονομικές Επιστήμες</subfield>
   <subfield code="a">Μαθηματικές και ποσοτικές μέθοδοι</subfield>
  </datafield>
  <datafield tag="700" ind1="1" ind2=" ">
   <subfield code="a">Πούλος, Μάριος</subfield>
   <subfield code="e">Κριτικός αναγνώστης</subfield>
   <subfield code="8">105</subfield>
  </datafield>
  <datafield tag="856" ind1="4" ind2="0">
   <subfield code="u">http://hdl.handle.net/11419/4755</subfield>
   <subfield code="z">Πλήρες Κείμενο - Full text</subfield>
  </datafield>
  <datafield tag="907" ind1=" " ind2=" ">
   <subfield code="a">.b25680936</subfield>
   <subfield code="b">12-06-18</subfield>
   <subfield code="c">29-07-16</subfield>
  </datafield>
  <datafield tag="949" ind1=" " ind2=" ">
   <subfield code="0">0</subfield>
   <subfield code="1">0</subfield>
   <subfield code="2">ddc</subfield>
   <subfield code="4">0</subfield>
   <subfield code="6">020_000000000000000_ΠΑΠ</subfield>
   <subfield code="7">0</subfield>
   <subfield code="8">KALL</subfield>
   <subfield code="8">852</subfield>
   <subfield code="d">2016-04-13</subfield>
   <subfield code="r">2016-04-13</subfield>
   <subfield code="w">2016-04-13</subfield>
   <subfield code="z">020 ΠΑΠ</subfield>
   <subfield code="o">SEAB KALLIPOS</subfield>
  </datafield>
  <datafield tag="998" ind1=" " ind2=" ">
   <subfield code="a">80</subfield>
   <subfield code="a">01</subfield>
   <subfield code="a">02</subfield>
   <subfield code="a">03</subfield>
   <subfield code="a">04</subfield>
   <subfield code="a">05</subfield>
   <subfield code="a">06</subfield>
   <subfield code="a">07</subfield>
   <subfield code="a">08</subfield>
   <subfield code="a">09</subfield>
   <subfield code="a">10</subfield>
   <subfield code="a">11</subfield>
   <subfield code="a">12</subfield>
   <subfield code="a">13</subfield>
   <subfield code="a">14</subfield>
   <subfield code="a">15</subfield>
   <subfield code="a">16</subfield>
   <subfield code="a">17</subfield>
   <subfield code="a">18</subfield>
   <subfield code="a">19</subfield>
   <subfield code="a">20</subfield>
   <subfield code="a">21</subfield>
   <subfield code="a">22</subfield>
   <subfield code="a">23</subfield>
   <subfield code="a">24</subfield>
   <subfield code="a">25</subfield>
   <subfield code="a">26</subfield>
   <subfield code="b">22-05-17</subfield>
   <subfield code="c">m</subfield>
   <subfield code="d">z  </subfield>
   <subfield code="e">-</subfield>
   <subfield code="f">gre</subfield>
   <subfield code="g">gr </subfield>
   <subfield code="h">0</subfield>
  </datafield>
  <datafield tag="942" ind1=" " ind2=" ">
   <subfield code="2">ddc</subfield>
   <subfield code="c">KALLIPOS</subfield>
  </datafield>
 </record>
</collection>
